000 01095pam a2200301 a 4500
001 1198406
003 ARRUPE
005 20140530110834.0
008 980429s1999 nyu b 001 0 eng
010 _a 98024165
020 _a079144077X (alk. paper)
020 _a0791440788 (pbk. : alk. paper)
040 _aDLC
_cDLC
_dDLC
050 0 0 _aB2430.L484
_bK43 1999
082 0 0 _a194
_221
100 1 _aKeenan, Dennis King,
_d1960-
_910481
245 1 0 _aDeath and responsibility :
_bthe "work" of Levinas /
_cDennis King Keenan.
260 _aAlbany, N.Y. :
_bState University of New York Press,
_cc1999.
300 _axv, 123 p. ;
_c24 cm.
440 0 _aSUNY series in contemporary continental philosophy
_910482
504 _aIncludes bibliographical references (p. 115-119) and index.
600 1 0 _aLévinas, Emmanuel.
_910483
650 0 _aResponsibility.
_910484
650 0 _aDeath.
_910485
906 _a7
_bcbc
_corignew
_d1
_eocip
_f19
_gy-gencatlg
942 _2lcc
_cMONOGRAPH
999 _c120577
_d120577